| 000 | 01027nam0a22002771 4500 | ||
|---|---|---|---|
| 001 | rc\2387051 | ||
| 005 | 20250623102215.0 | ||
| 035 | _a(NLR Aleph) 006718883 | ||
| 090 |
_a5421979 _c5421979 |
||
| 100 | _a20110829d1978 |||y0rusy50 ca | ||
| 101 | 0 | _arus | |
| 102 | _aRU | ||
| 105 | _ay z ||||| | ||
| 200 | 1 |
_aОбщественно-экономические формации _eПробл. теории _e[Сб. статей _fРедкол.: Х.Н. Момджян (отв. ред.) и др.] |
|
| 210 |
_aМосква _cМысль _d1978 |
||
| 215 |
_a279 с. _d20 |
||
| 606 |
_aОбщественно-экономические формации _jСборники _2psbo |
||
| 702 | 1 |
_4340 _7ca _8rus _aМомджян _bХ. Н. _f1909-1996 _gХачик Нишанович _9268733 _3RU\NLR\AUTH\770268789 |
|
| 801 | 1 |
_aRU _bELAR _2rusmarc |
|
| 801 | 0 |
_aRU _bNLR _gpsbo |
|
| 852 |
_aNLR _j78-3/5718 |
||
| 899 |
_aRuMoRGB _jБ 78-3/930 |
||
| 899 |
_aRuMoRGB _jБ 78-3/931 |
||
| 899 |
_aRuMoRGB _jФ 1-79/12737 |
||
| 942 | _cBOOK | ||
| 980 | _aNB | ||